000 00669cam a2200217 a 4500
003 OSt
008 100706s2012 njua b 001 0 eng
020 _a9780135114049 (hbk. : alk. paper)
020 _a0135114047 (hbk. : alk. paper)
082 0 0 _a628.11
_bHAM/WA
100 1 _aHammer, Mark J.,
_9126
245 1 0 _aWater and wastewater technology /
250 _a7th ed.
260 _aNew Delhi
_bPearson/Prentice Hall,
_cc2012.
300 _axi, 460 p. :
_bill. ;
650 0 _aWater-supply engineering.
650 0 _aSewage disposal.
_94906
700 1 _aHammer, Mark J.,
_9126
856 4 1 _uhttp://www.loc.gov/catdir/toc/fy11pdf04/2010027782.html
942 _cBK
999 _c16900
_d16900